[Event "Monarch Assurance 08th"]
[Site "Port Erin"]
[Date "1999.11.12"]
[Round "7"]
[White "Marusenko, Petr"]
[Black "Kosteniuk, Alexandra"]
[Result "1-0"]
[WhiteElo "2406"]
[BlackElo "2324"]
[Annotator "Hansen,Cu"]
[PlyCount "65"]
[EventDate "1999.11.06"]
[EventType "swiss"]
[EventRounds "9"]
[EventCountry "IOM"]
[SourceTitle "CBM 074"]
[Source "ChessBase"]
[SourceDate "2000.02.01"]
[SourceVersion "1"]
[SourceVersionDate "2000.02.01"]
[SourceQuality "1"]

1. e4 {Hecht} c5 2. Nf3 d6 3. Bb5+ Bd7 4. Bxd7+ Qxd7 5. c4 Nc6 6. Nc3 g6 7. d4
cxd4 8. Nxd4 Bg7 9. Be3 Nf6 10. f3 O-O 11. O-O a6 12. Qd2 Nxd4 13. Bxd4 b5 14.
Nd5 Nxd5 15. Bxg7 Kxg7 16. cxd5 Rfc8 17. Rac1 Rxc1 18. Rxc1 Rc8 19. Rxc8 Qxc8
20. Qc3+ Qxc3 21. bxc3 Kf6 {Hecht: '[#] Das Bauernendspiel steht gleich, ist
jedoch nicht ganz einfach zu spielen. Schwarz begeht den Fehler, zu passiv zu
bleiben und handelt sich im 26.Zug den entscheiden Raumnachteil ein. Zudem hat
Weiß die besseren Temporeserven. '} (21... f5 {Hecht} 22. Kf2 (22. exf5 gxf5
23. f4 Kf6 24. Kf2 e5 25. dxe6 Kxe6 26. Kf3 h5 27. h3 a5 28. g4 fxg4+ 29. hxg4
hxg4+ 30. Kxg4 Kf6 31. Kf3 d5 32. Ke3 Kf5 33. Kd4 Kxf4 34. Kxd5 $11)) 22. Kf2
e6 $6 {This should probably not lose but black could have tried to undermine
white P-centre} (22... Ke5 23. Ke3 g5 24. g3 f5 $1 25. f4+ (25. exf5 $2 Kxd5
26. g4 Ke5 27. a3 a5 $17) 25... gxf4+ 26. gxf4+ Kf6 27. Kd4 fxe4 28. Kxe4 Kg6 {
and white has some very slight problems. Black will play Kf6-g6-f6 until white
has no more waiting moves and then he will be able to put his K on f5. It
might still be draw but white has to be careful} 29. Kf3 $1 {The easiest way}
Kf5 30. h3 h6 31. Ke3 $11) 23. dxe6 Kxe6 {Quite logically the P-struckture is
very important in P-endgames, and especially one should be careful about
allowing the opponents K a potential strong outpost - here d5. However the
textmove is not yet a mistake} (23... fxe6 $5 24. Ke3 e5 (24... g5 $5) 25. Kd3
Ke6 26. c4 Kd7 $11 (26... b4 $2 27. Kc2 a5 28. Kb3 Kd7 29. Ka4 Kc6 30. Kxa5 Kc5
31. h4 h6 32. Ka6 Kc6 (32... Kxc4 33. Kb6 $18) 33. g4 $18) 27. cxb5 axb5 28.
Kc3 Kc6 29. Kb4 Kb6 30. a3 g5 $11) 24. Ke3 Ke5 $6 (24... d5 $142 $11 25. Kd4
dxe4 26. fxe4 $1 Kd6 (26... f6 $2 27. Kc5 $18 (27. c4 bxc4 28. Kxc4 Kd6 $11)
27... Ke5 28. Kb6 Kd6 29. Kxa6 Kc6) 27. e5+ Kc6 $11) (24... f5 $5 {Maybe this
also allows black to draw but the clean way for the half point is of course 24.
.d5} 25. exf5+ (25. Kd4 f4 26. c4 bxc4 27. Kxc4 Ke5 28. a4 g5 29. h3 h5 30. Kb4
Kd4 31. Ka5 Ke3 32. Kxa6 Kf2 33. a5 Kxg2 34. Kb6 g4 35. hxg4 hxg4 36. fxg4 f3
37. a6 f2 38. a7 f1=Q 39. a8=Q $14) 25... Kxf5 26. Kd4 Kf4 $11) 25. f4+ Ke6 26.
g4 (26. Kd4 f5 $132) 26... f6 $2 {Hecht: 'Führt zu entscheidendem Raumnachteil'
} (26... d5 $142 $11 27. Kd4 (27. e5 h5 $1 (27... g5 $6 28. fxg5 Kxe5 29. a3 a5
30. h4 (30. h3 d4+ 31. cxd4+ Kd5 32. Kd3 b4 33. axb4 axb4 34. h4 b3 35. Kc3 b2
36. Kxb2 Kxd4 37. Kb3 Ke3 38. Kc4 Kf4 39. Kd5 Kxg4 40. Ke5 Kxh4 41. Kf4 $1 $11)
30... Kd6 31. Kd4 $14) 28. gxh5 (28. h3 $2 hxg4 29. hxg4 g5 $19) 28... gxh5 29.
Ke2 $11) (27. g5 {Hecht} dxe4 28. Kxe4 f6 29. a3 fxg5 30. fxg5 Kd6 31. Kd4 a5
32. c4 Kc6 $11) 27... dxe4 28. Kxe4 $11) (26... h5 $142 {Hecht} 27. gxh5 gxh5
28. Kd4 f5 $11) 27. Kd4 $18 g5 28. f5+ Ke7 29. c4 bxc4 (29... b4 30. c5 a5 31.
Kc4 $18 (31. Kc4 {Hecht} dxc5 32. Kxc5 Kd7 33. Kb5 Kd6 34. Kxa5 $18)) 30. Kxc4
Kd8 (30... Kd7 31. Kd5 a5 32. a4 h6 33. h3 $18) 31. Kd5 Kd7 32. a3 {'(.)'
Hecht.} (32. h3 {Hecht} a5 33. a3 a4 34. Kc4 Kc6 35. Kb4 Kb6 36. Kxa4 Kc5 37.
Kb3 Kd4 38. a4 Kxe4 39. Kb4 d5 (39... Kd5 40. Kb5 $18) 40. a5 d4 41. a6 d3 42.
a7 d2 43. a8=Q+ $18) 32... a5 33. a4 1-0

[Event "Monarch Assurance 08th"]
[Site "Port Erin"]
[Date "1999.11.14"]
[Round "9"]
[White "Coleman, David"]
[Black "Kosteniuk, Alexandra"]
[Result "0-1"]
[WhiteElo "2240"]
[BlackElo "2324"]
[Annotator "Hecht,H"]
[PlyCount "124"]
[EventDate "1999.11.06"]
[EventType "swiss"]
[EventRounds "9"]
[EventCountry "IOM"]
[SourceTitle "CBM 074"]
[Source "ChessBase"]
[SourceDate "2000.02.01"]
[SourceVersion "1"]
[SourceVersionDate "2000.02.01"]
[SourceQuality "1"]

1. e4 c5 2. Nf3 d6 3. d4 cxd4 4. Nxd4 Nf6 5. Nc3 Nc6 6. Bc4 e6 7. Be3 a6 8. Qe2
Qc7 9. O-O-O Na5 10. Bd3 b5 11. g4 b4 12. Na4 Bb7 13. g5 Nd7 14. f4 Be7 15.
Rhg1 Nc5 16. b3 Nxa4 17. bxa4 Qd7 18. f5 e5 19. Nb3 Qxa4 20. Kb1 d5 21. exd5
Bxd5 22. Bc1 f6 23. gxf6 Bxf6 24. Be4 Bxe4 25. Qxe4 Qc6 26. Qxb4 Nxb3 27. axb3
a5 28. Qg4 O-O 29. Ba3 a4 30. Rd6 Qc7 31. Qc4+ Qxc4 32. bxc4 Ra7 33. Re6 Rb8+
34. Ka2 Kf7 35. Bb2 a3 36. Bxe5 Rb2+ 37. Ka1 Bxe5 38. Rxe5 Rxc2 39. Rb1 a2 40.
Rh1 Rxc4 41. h4 Kf6 42. Rb5 Rf4 43. Rc1 Rxh4 44. Rb6+ Kf7 45. Rf1 Rh6 46. Rxh6
gxh6 47. Rh1 Kf6 48. Rxh6+ Kg5 49. Rh1 h5 {[#] Schwarz gewinnt angesichts der
miserablen Position des weißen Königs mühelos. Ohne König ist eben kaum ein
Endspiel erfolgversprechend zu führen.} 50. f6 h4 51. Rf1 Rf7 52. Kxa2 Rxf6 53.
Rg1+ Kh5 54. Kb2 Rc6 55. Rd1 h3 56. Rd5+ Kg4 57. Rd4+ Kf3 58. Rd3+ Kg2 59. Rd8
(59. Rd2+ Kf1 60. Rd1+ Ke2 61. Rh1 Rh6 62. Kc3 Kf2 63. Kd3 Kg2 $19) 59... Rg6
60. Rd2+ Kg3 61. Rd3+ Kh4 62. Kc2 Rg2+ 0-1

[Event "RUS-Cup"]
[Site "Moscow"]
[Date "2000.??.??"]
[Round "4"]
[White "Kosteniuk, Alexandra"]
[Black "Shchekachev, Andrei"]
[Result "1/2-1/2"]
[WhiteElo "2409"]
[BlackElo "2509"]
[PlyCount "84"]
[EventDate "2000.??.??"]
[EventType "swiss"]
[EventRounds "9"]
[EventCountry "RUS"]
[SourceTitle "EXT 2001"]
[Source "ChessBase"]
[SourceDate "2000.11.22"]
[SourceVersion "1"]
[SourceVersionDate "2000.11.22"]
[SourceQuality "1"]

1. e4 e5 2. Bc4 Nf6 3. d3 Nc6 4. Nc3 Bb4 5. Nge2 d5 6. exd5 Nxd5 7. O-O Be6 8.
Bxd5 Bxd5 9. f4 O-O 10. f5 f6 11. Nxd5 Qxd5 12. Ng3 Rf7 13. Ne4 Bf8 14. Be3 b6
15. Qh5 Bc5 16. Bxc5 bxc5 17. b3 a5 18. Qf3 Rd8 19. Qf2 c4 20. bxc4 Qd4 21.
Qxd4 Nxd4 22. Rf2 Rb8 23. c3 Nc6 24. Nc5 Re7 25. Rd2 Nd8 26. Rdd1 Nf7 27. Rab1
Rd8 28. Ne6 Rc8 29. Rb5 Nd6 30. Rxa5 Nxf5 31. Nc5 Rd8 32. Re1 Nd6 33. Kf2 Kf7
34. Ra7 f5 35. Na6 e4 36. Nb4 Rdd7 37. Nc6 Re6 38. Ra5 Nxc4 39. Rxf5+ Kg6 40.
Nd4 Rxd4 41. cxd4 Nb2 42. Ra5 Nxd3+ 1/2-1/2

[Event "RUS-Cup"]
[Site "Moscow"]
[Date "2000.??.??"]
[Round "6"]
[White "Kosteniuk, Alexandra"]
[Black "Vorobiov, Evgeny E"]
[Result "0-1"]
[WhiteElo "2409"]
[BlackElo "2500"]
[PlyCount "76"]
[EventDate "2000.??.??"]
[EventType "swiss"]
[EventRounds "9"]
[EventCountry "RUS"]
[SourceTitle "EXT 2001"]
[Source "ChessBase"]
[SourceDate "2000.11.22"]
[SourceVersion "1"]
[SourceVersionDate "2000.11.22"]
[SourceQuality "1"]

1. e4 c5 2. Nf3 d6 3. d4 cxd4 4. Nxd4 Nf6 5. Nc3 a6 6. f3 e5 7. Nb3 Be6 8. Be3
Nbd7 9. g4 Be7 10. Qd2 h6 11. O-O-O b5 12. Kb1 Nb6 13. Qf2 Nfd7 14. h4 Qc7 15.
Bd3 b4 16. Ne2 a5 17. g5 a4 18. Nbc1 Nc4 19. Bxc4 Qxc4 20. Ng3 hxg5 21. hxg5
Rxh1 22. Rxh1 a3 23. b3 Qc3 24. Nd3 Bxb3 25. Nf5 g6 26. Nxe7 Kxe7 27. Qd2 Bc4
28. Qxc3 bxc3 29. Nc1 Nf8 30. Nb3 Ne6 31. Bc1 Be2 32. Rh3 Ra4 33. Rg3 Bd1 34.
Be3 Be2 35. Bc1 Nd4 36. Nxd4 exd4 37. f4 Rb4+ 38. Ka1 d3 0-1

[Event "RUS-Cup"]
[Site "Moscow"]
[Date "2000.??.??"]
[Round "7"]
[White "Kargin, Arseny"]
[Black "Kosteniuk, Alexandra"]
[Result "0-1"]
[WhiteElo "2207"]
[BlackElo "2409"]
[PlyCount "70"]
[EventDate "2000.??.??"]
[EventType "swiss"]
[EventRounds "9"]
[EventCountry "RUS"]
[SourceTitle "EXT 2001"]
[Source "ChessBase"]
[SourceDate "2000.11.22"]
[SourceVersion "1"]
[SourceVersionDate "2000.11.22"]
[SourceQuality "1"]

1. e4 c5 2. Nf3 Nc6 3. Bb5 g6 4. O-O Bg7 5. c3 Nf6 6. Re1 O-O 7. d4 d5 8. Bxc6
bxc6 9. exd5 Qxd5 10. Re5 Qd6 11. Rxc5 Nd7 12. Ra5 c5 13. Ra3 Bb7 14. Be3 e5
15. d5 e4 16. Ng5 Qxd5 17. Qxd5 Bxd5 18. Nd2 f5 19. f4 h6 20. Nh3 Rfb8 21. Rb1
a5 22. Nb3 c4 23. Rd1 Be6 24. Nd4 Bxd4 25. Bxd4 Rxb2 26. Nf2 Kf7 27. Re1 g5 28.
g3 gxf4 29. gxf4 Nf8 30. Nh3 Ng6 31. Bf2 Ne7 32. Bd4 Nd5 33. Kh1 Nc7 34. Ra4
Bd5 35. Be5 e3+ 0-1

[Event "RUS-Cup"]
[Site "Moscow"]
[Date "2000.??.??"]
[Round "9"]
[White "Kuzuev, Danil"]
[Black "Kosteniuk, Alexandra"]
[Result "1-0"]
[WhiteElo "2365"]
[BlackElo "2409"]
[PlyCount "119"]
[EventDate "2000.??.??"]
[EventType "swiss"]
[EventRounds "9"]
[EventCountry "RUS"]
[SourceTitle "EXT 2001"]
[Source "ChessBase"]
[SourceDate "2000.11.22"]
[SourceVersion "1"]
[SourceVersionDate "2000.11.22"]
[SourceQuality "1"]

1. e4 c5 2. Nf3 Nc6 3. Bb5 g6 4. Bxc6 dxc6 5. d3 Bg7 6. Nc3 Nh6 7. O-O O-O 8.
h3 f6 9. Be3 b6 10. Qd2 Nf7 11. Nh2 e5 12. f4 exf4 13. Rxf4 Ne5 14. Raf1 Be6
15. R4f2 Rf7 16. Bh6 Bh8 17. Bf4 Qd6 18. Kh1 Raf8 19. Nd1 Qd4 20. b3 f5 21.
Bxe5 Qxe5 22. Nf3 Qg3 23. Qg5 Be5 24. Qxg3 Bxg3 25. Ng5 Re7 26. Rf3 f4 27. Nxe6
Rxe6 28. Nc3 Rd8 29. Ne2 b5 30. Nxf4 Bxf4 31. Rxf4 Re7 32. R1f3 c4 33. Rf6 cxd3
34. Rxd3 Rc8 35. Rdd6 Rxe4 36. Rd7 a5 37. Rff7 Rh4 38. Kh2 Rh5 39. Ra7 a4 40.
bxa4 bxa4 41. Rg7+ Kh8 42. Rge7 Rh4 43. g4 g5 44. Rg7 Rg8 45. Rge7 Rd8 46. Kg3
Rh6 47. Rxa4 Rf6 48. Raa7 h6 49. a4 Kg8 50. a5 Rf4 51. Rg7+ Kf8 52. Rh7 Kg8 53.
Rag7+ Kf8 54. Rc7 Kg8 55. Rxh6 Ra4 56. Rg6+ Kf8 57. Rxg5 Ra3+ 58. Kh4 Rd2 59.
Rh5 Kg8 60. Rxc6 1-0

[Event "Corus Reserve Group"]
[Site "Wijk aan Zee"]
[Date "2000.01.21"]
[Round "1"]
[White "Kosteniuk, Alexandra"]
[Black "Stellwagen, Daniel"]
[Result "1-0"]
[WhiteElo "2409"]
[BlackElo "2265"]
[PlyCount "61"]
[EventDate "2000.01.21"]
[EventType "swiss"]
[EventRounds "9"]
[EventCountry "NED"]
[SourceTitle "CBM 074 Extra"]
[Source "ChessBase"]
[SourceDate "2000.03.10"]
[SourceVersion "2"]
[SourceVersionDate "2000.03.10"]
[SourceQuality "1"]

1. e4 e6 2. Nf3 d5 3. Nc3 Nf6 4. e5 Nfd7 5. d4 c5 6. dxc5 Bxc5 7. Bd3 Nc6 8.
Bf4 f6 9. exf6 Nxf6 10. Qe2 O-O 11. O-O-O Nh5 12. Bxh7+ Kxh7 13. Ng5+ Kg6 14.
Nxe6 Bxe6 15. Qxe6+ Kh7 16. Rxd5 Nxf4 17. Qe4+ Kh8 18. Rxd8 Raxd8 19. g3 Rde8
20. Qc4 Ne6 21. f4 Bb6 22. Ne4 Ncd4 23. c3 Nf5 24. Kb1 Ne3 25. Qb5 Nxf4 26. Nd6
Re6 27. Qd7 Ref6 28. gxf4 Rxf4 29. a3 Rg4 30. Re1 Rf3 31. Nf7+ 1-0

[Event "Corus Reserve Group"]
[Site "Wijk aan Zee"]
[Date "2000.01.22"]
[Round "2"]
[White "Ludden, Gert Jan"]
[Black "Kosteniuk, Alexandra"]
[Result "0-1"]
[WhiteElo "2263"]
[BlackElo "2409"]
[PlyCount "88"]
[EventDate "2000.01.21"]
[EventType "swiss"]
[EventRounds "9"]
[EventCountry "NED"]
[SourceTitle "CBM 074 Extra"]
[Source "ChessBase"]
[SourceDate "2000.03.10"]
[SourceVersion "2"]
[SourceVersionDate "2000.03.10"]
[SourceQuality "1"]

1. d4 f5 2. c4 Nf6 3. g3 g6 4. Bg2 Bg7 5. Nf3 d6 6. O-O O-O 7. Nc3 Qe8 8. d5 a5
9. Nd4 Na6 10. b3 Bd7 11. Rb1 Nc5 12. Bb2 g5 13. e3 Qg6 14. Qc2 Ng4 15. Rbd1
Qh5 16. h3 Nf6 17. Ba3 f4 18. Qe2 f3 19. Nxf3 g4 20. Nh2 gxh3 21. Bf3 Qg5 22.
Bxc5 dxc5 23. e4 Ne8 24. Rd3 Bd4 25. Bg4 Bxg4 26. Qxg4 Qxg4 27. Nxg4 Nd6 28. e5
Nf5 29. Nb5 h5 30. Nxd4 Nxd4 31. Nh2 a4 32. f4 axb3 33. axb3 Ra3 34. Rb1 Ra2
35. Kh1 Rfa8 36. g4 Ra1 37. Rdd1 Rxb1 38. Rxb1 Ne2 39. gxh5 Ra2 40. Nf1 Nxf4
41. Ng3 Nd3 42. Rf1 Nxe5 43. Ne4 Ng4 44. h6 Re2 0-1

[Event "Corus Reserve Group"]
[Site "Wijk aan Zee"]
[Date "2000.01.24"]
[Round "4"]
[White "Bosboom, Manuel"]
[Black "Kosteniuk, Alexandra"]
[Result "1-0"]
[WhiteElo "2461"]
[BlackElo "2409"]
[PlyCount "55"]
[EventDate "2000.01.21"]
[EventType "swiss"]
[EventRounds "9"]
[EventCountry "NED"]
[SourceTitle "CBM 074 Extra"]
[Source "ChessBase"]
[SourceDate "2000.03.10"]
[SourceVersion "2"]
[SourceVersionDate "2000.03.10"]
[SourceQuality "1"]

1. c4 f5 2. Nf3 Nf6 3. g3 g6 4. b4 Bg7 5. Bb2 d6 6. d4 O-O 7. Bg2 Ne4 8. Qc2
Qe8 9. O-O Nd7 10. d5 Ndf6 11. Nc3 Nxc3 12. Bxc3 Bd7 13. Qb2 h6 14. Rae1 g5 15.
e4 fxe4 16. Rxe4 Rf7 17. Re3 Ng4 18. Re2 Qf8 19. Rfe1 Re8 20. h3 Bxc3 21. Qxc3
Nf6 22. Nd4 Rh7 23. c5 h5 24. c6 bxc6 25. dxc6 Bc8 26. Ne6 Bxe6 27. Rxe6 Rg7
28. Qxf6 1-0

[Event "Corus Reserve Group"]
[Site "Wijk aan Zee"]
[Date "2000.01.26"]
[Round "6"]
[White "Afek, Yochanan"]
[Black "Kosteniuk, Alexandra"]
[Result "1-0"]
[WhiteElo "2349"]
[BlackElo "2409"]
[PlyCount "95"]
[EventDate "2000.01.21"]
[EventType "swiss"]
[EventRounds "9"]
[EventCountry "NED"]
[SourceTitle "CBM 074 Extra"]
[Source "ChessBase"]
[SourceDate "2000.03.10"]
[SourceVersion "2"]
[SourceVersionDate "2000.03.10"]
[SourceQuality "1"]

1. e4 c5 2. Nf3 d6 3. d4 cxd4 4. Nxd4 Nf6 5. Nc3 Nc6 6. Bc4 e6 7. Be3 a6 8. Qe2
Qc7 9. O-O-O Na5 10. Bd3 b5 11. g4 b4 12. Nb1 e5 13. Nf5 g6 14. Bg5 Nd7 15. Ne3
Nc5 16. b3 Bb7 17. Bf6 Rg8 18. Nd5 Bxd5 19. exd5 Nd7 20. Bg5 Nb7 21. Nd2 f6 22.
Be3 Be7 23. h4 a5 24. Bb5 Kf7 25. h5 g5 26. h6 a4 27. Qd3 axb3 28. Bxd7 Qxd7
29. Qxh7+ Kf8 30. axb3 Ra1+ 31. Kb2 Rxd1 32. Rxd1 Qxg4 33. Ra1 Qc8 34. Nc4 Qe8
35. Ra7 Nd8 36. Nxd6 Bxd6 37. Rg7 Qf7 38. Rxf7+ Nxf7 39. Bb6 Rh8 40. Qg7+ Ke7
41. h7 Rb8 42. Be3 Rh8 43. c4 bxc3+ 44. Kxc3 Rc8+ 45. Kd3 Rb8 46. Ke4 Rf8 47.
Kf5 Ke8 48. Ke6 1-0

[Event "Corus Reserve Group"]
[Site "Wijk aan Zee"]
[Date "2000.01.27"]
[Round "7"]
[White "Kosteniuk, Alexandra"]
[Black "Werner, Clemens"]
[Result "1-0"]
[WhiteElo "2409"]
[BlackElo "2314"]
[PlyCount "83"]
[EventDate "2000.01.21"]
[EventType "swiss"]
[EventRounds "9"]
[EventCountry "NED"]
[SourceTitle "CBM 074 Extra"]
[Source "ChessBase"]
[SourceDate "2000.03.10"]
[SourceVersion "2"]
[SourceVersionDate "2000.03.10"]
[SourceQuality "1"]

1. e4 e5 2. Bc4 Nf6 3. d3 Nc6 4. Nc3 Bb4 5. Nge2 d5 6. exd5 Nxd5 7. O-O Be6 8.
Bb3 O-O 9. Nxd5 Bxd5 10. f4 e4 11. Bxd5 Qxd5 12. c3 exd3 13. cxb4 Rad8 14. Nc3
Qd4+ 15. Rf2 Nxb4 16. Bd2 Nc2 17. Rc1 a6 18. f5 b5 19. f6 g6 20. Qf3 Rfe8 21.
Rcf1 Ne3 22. Bxe3 Rxe3 23. Qf4 Qxf4 24. Rxf4 c5 25. Re4 Rxe4 26. Nxe4 c4 27.
Kf2 h6 28. Ke3 g5 29. Kd2 Kh7 30. g4 Kg6 31. h3 Re8 32. Re1 Re5 33. Re3 b4 34.
Re1 Ra5 35. Rc1 Rxa2 36. Rxc4 Rxb2+ 37. Kxd3 Rb3+ 38. Kd4 a5 39. Rc8 a4 40.
Rg8+ Kh7 41. Rg7+ Kh8 42. Nd6 1-0

[Event "Corus Reserve Group"]
[Site "Wijk aan Zee"]
[Date "2000.01.28"]
[Round "8"]
[White "Kosteniuk, Alexandra"]
[Black "Romero Holmes, Alfonso"]
[Result "0-1"]
[WhiteElo "2409"]
[BlackElo "2483"]
[PlyCount "130"]
[EventDate "2000.01.21"]
[EventType "swiss"]
[EventRounds "9"]
[EventCountry "NED"]
[SourceTitle "CBM 074 Extra"]
[Source "ChessBase"]
[SourceDate "2000.03.10"]
[SourceVersion "2"]
[SourceVersionDate "2000.03.10"]
[SourceQuality "1"]

1. e4 e6 2. Nf3 d5 3. Nc3 Nf6 4. e5 Nfd7 5. d4 c5 6. dxc5 Nc6 7. Bf4 Nxc5 8.
Bd3 Be7 9. h4 d4 10. Ne4 Nxd3+ 11. cxd3 Qa5+ 12. Kf1 b6 13. Qb3 Ba6 14. Rh3 Qb5
15. Qxb5 Bxb5 16. Ke2 O-O 17. h5 h6 18. g4 f5 19. exf6 Bxf6 20. g5 Nb4 21. Ne1
Nd5 22. Bd2 Bxg5 23. Nxg5 hxg5 24. Bxg5 Rf5 25. Rg3 Raf8 26. f3 Re5+ 27. Kf2
Rff5 28. Bh6 Rf7 29. Bg5 Nb4 30. Rd1 Nxa2 31. Bd2 Bc6 32. Ra1 Bd5 33. Nc2 Rxh5
34. Nxd4 e5 35. Nb5 a5 36. Ke3 Rhf5 37. Nd6 Rxf3+ 38. Rxf3 Rxf3+ 39. Ke2 Rh3
40. Nc4 Bxc4 41. dxc4 Nb4 42. Bxb4 axb4 43. Ra6 Rh4 44. b3 Rh3 45. Rxb6 Rxb3
46. Rb5 e4 47. Rb7 Kh7 48. c5 Kg6 49. c6 Rc3 50. Rxb4 Kf5 51. Rb7 Kf6 52. c7 g5
53. Kd2 Rc4 54. Ke3 Kf5 55. Rb5+ Kg4 56. Rb7 Kh3 57. Rb5 Kg4 58. Rb7 Kg3 59.
Rb5 g4 60. Rb7 Kh3 61. Kf4 g3 62. Rb3 e3+ 63. Kf3 Rxc7 64. Rb6 Rh7 65. Rg6 Kh2
0-1

[Event "Oz.com qual blitz"]
[Site "ICC INT"]
[Date "2000.03.05"]
[Round "1"]
[White "Kosteniuk, Alexandra"]
[Black "Green, Golan"]
[Result "1/2-1/2"]
[WhiteElo "2409"]
[BlackElo "2172"]
[PlyCount "109"]
[EventDate "2000.03.05"]
[EventType "swiss (blitz)"]
[EventRounds "9"]
[EventCountry "USA"]
[SourceTitle "EXT 2001"]
[Source "ChessBase"]
[SourceDate "2000.11.22"]
[SourceVersion "1"]
[SourceVersionDate "2000.11.22"]
[SourceQuality "1"]

1. e4 e6 2. Nf3 d5 3. Nc3 Nf6 4. e5 Nfd7 5. d4 c5 6. dxc5 Nc6 7. Bf4 Nxc5 8.
Bd3 Qb6 9. O-O Be7 10. Rb1 O-O 11. a3 a5 12. Be3 Qc7 13. Nb5 Qb8 14. Bd4 Bd7
15. c3 Nxd4 16. Nbxd4 Nxd3 17. Qxd3 b5 18. Rfe1 b4 19. axb4 axb4 20. Nd2 Bc5
21. f4 Qb6 22. Kh1 Bxd4 23. cxd4 Bb5 24. Qe3 Rac8 25. Rbc1 Rc6 26. Rxc6 Qxc6
27. Qb3 f6 28. Qxb4 fxe5 29. dxe5 h6 30. Nf3 Qc4 31. Qxc4 Bxc4 32. g3 Rb8 33.
f5 exf5 34. e6 g6 35. Ne5 Kg7 36. Nc6 Re8 37. b4 Bd3 38. Nd4 Be4+ 39. Kg1 Rb8
40. b5 Kf6 41. Kf2 Rb6 42. Rc1 Rb7 43. Rc6 Ke5 44. Ke3 g5 45. Nf3+ Bxf3 46.
Kxf3 Rxb5 47. e7 Rb3+ 48. Kg2 Rb8 49. Rxh6 Re8 50. Rh7 d4 51. Kf2 Kf6 52. h4
gxh4 53. Rxh4 Rxe7 54. Rxd4 Kg5 55. Kf3 1/2-1/2

[Event "Oz.com qual blitz"]
[Site "ICC INT"]
[Date "2000.03.05"]
[Round "2"]
[White "Atalik, Suat"]
[Black "Kosteniuk, Alexandra"]
[Result "1-0"]
[WhiteElo "2575"]
[BlackElo "2409"]
[Annotator "Atalik,S"]
[PlyCount "105"]
[EventDate "2000.03.05"]
[EventType "swiss (blitz)"]
[EventRounds "9"]
[EventCountry "USA"]
[SourceTitle "EXT 2003"]
[Source "ChessBase"]
[SourceDate "2002.11.25"]
[SourceVersion "1"]
[SourceVersionDate "2002.11.25"]
[SourceQuality "1"]

1. d4 f5 2. c4 Nf6 3. g3 g6 4. Nf3 Bg7 5. Bg2 O-O 6. O-O d6 7. Nc3 Qe8 8. d5 a5
9. Ne1 Na6 10. Nd3 Bd7 11. Rb1 c6 12. b3 Nc7 13. Bb2 b5 $6 (13... cxd5 14. cxd5
b5 15. b4 $5 $36) 14. dxc6 Bxc6 15. Bxc6 Qxc6 16. Nxb5 Nxb5 17. cxb5 Qxb5 18.
Nf4 $16 Qd7 19. Bxf6 Bxf6 20. Qd5+ Kh8 21. Rfc1 Rfc8 22. Rxc8+ Qxc8 23. Ne6 Rb8
24. Rd1 Qc3 25. Kg2 Rc8 26. Rd2 Qe5 27. e3 Qxd5+ 28. Rxd5 Bc3 29. Rb5 Re8 $2 (
29... Kg8 30. Rb7 Kf7 31. Nc7 $16) 30. Rb7 Bb4 31. Nc7 Rf8 (31... Rc8 32. Nd5
Rc2 33. Rxe7 Kg8 34. Nxb4 axb4 35. Rb7 Rxa2 36. Rxb4 $18) 32. Nd5 Bc5 33. Nxe7
Ra8 34. Nd5 $18 Ra7 35. Rxa7 Bxa7 36. b4 axb4 37. Nxb4 Bc5 38. Nc6 Ba3 39. Kf1
Kg7 40. Ke2 Kf6 41. Kd3 g5 42. Nd4 h5 43. Nc2 Bc5 44. f3 d5 45. a4 h4 46. gxh4
gxh4 47. h3 Bb6 48. f4 Ke6 49. Nd4+ Kf6 50. Nf3 Ke6 51. Nd4+ Kf6 52. Nc6 Ke6
53. a5 1-0

[Event "Oz.com qual blitz"]
[Site "ICC INT"]
[Date "2000.03.05"]
[Round "3"]
[White "Kosteniuk, Alexandra"]
[Black "Erdogdu, Mert"]
[Result "1-0"]
[WhiteElo "2409"]
[BlackElo "2186"]
[PlyCount "73"]
[EventDate "2000.03.05"]
[EventType "swiss (blitz)"]
[EventRounds "9"]
[EventCountry "USA"]
[SourceTitle "EXT 2001"]
[Source "ChessBase"]
[SourceDate "2000.11.22"]
[SourceVersion "1"]
[SourceVersionDate "2000.11.22"]
[SourceQuality "1"]

1. e4 c5 2. Nf3 d6 3. d4 cxd4 4. Nxd4 Nf6 5. Nc3 e6 6. Be3 a6 7. f3 b5 8. g4
Bb7 9. Qd2 Nfd7 10. O-O-O Nb6 11. Bd3 N8d7 12. Rhe1 Ne5 13. Qg2 Rc8 14. Bd2
Nec4 15. f4 Be7 16. Kb1 Nxd2+ 17. Qxd2 Nc4 18. Bxc4 Rxc4 19. f5 e5 20. Nf3 Qc7
21. g5 b4 22. Nd5 Bxd5 23. exd5 f6 24. gxf6 Bxf6 25. Re2 O-O 26. Rg2 Rc8 27.
Rc1 a5 28. Ng5 a4 29. Ne6 Qf7 30. Rcg1 a3 31. b3 Rxc2 32. Qxc2 Rxc2 33. Rxc2
Qb7 34. Rgc1 Qxd5 35. Rc8+ Kf7 36. Rf8+ Ke7 37. Rc7# 1-0

[Event "Oz.com qual blitz"]
[Site "ICC INT"]
[Date "2000.03.05"]
[Round "4"]
[White "Horton, Joe"]
[Black "Kosteniuk, Alexandra"]
[Result "0-1"]
[WhiteElo "2255"]
[BlackElo "2409"]
[PlyCount "134"]
[EventDate "2000.03.05"]
[EventType "swiss (blitz)"]
[EventRounds "9"]
[EventCountry "USA"]
[SourceTitle "EXT 2001"]
[Source "ChessBase"]
[SourceDate "2000.11.22"]
[SourceVersion "1"]
[SourceVersionDate "2000.11.22"]
[SourceQuality "1"]

1. e4 c5 2. Nf3 Nc6 3. d4 cxd4 4. Nxd4 Nf6 5. Nc3 d6 6. Bg5 e6 7. f4 Be7 8. Nb3
O-O 9. Qf3 a6 10. O-O-O Qc7 11. Bd3 b5 12. Kb1 Bb7 13. Rhe1 b4 14. Ne2 a5 15.
Qh3 g6 16. Qh4 Ne8 17. f5 Bxg5 18. Qxg5 Ne5 19. Ned4 a4 20. Nc1 a3 21. fxe6 f6
22. Qd2 axb2 23. Kxb2 Qa5 24. Ndb3 Qa3+ 25. Kb1 Nc7 26. Bf1 Rfd8 27. e7 Rd7 28.
Re3 Qa7 29. Rh3 Ne8 30. Qxb4 Rxe7 31. Qd4 Qb8 32. Bc4+ Kh8 33. Bd5 Bxd5 34.
Qxd5 Qc8 35. Re3 Rc7 36. Re2 Rc6 37. Qd4 Nc7 38. Rf1 Kg7 39. Qf2 Ne8 40. Qd4
Nc7 41. Qf2 Qd8 42. Rd2 Nb5 43. Nd4 Nxd4 44. Qxd4 Rb8+ 45. Nb3 Ra6 46. Rdf2 Nd7
47. g4 Qa5 48. Qb2 Qe5 49. h4 Qxb2+ 50. Kxb2 Rb4 51. g5 Rxe4 52. gxf6+ Kf7 53.
h5 g5 54. Rf5 h6 55. Rb5 Rb6 56. Rxb6 Nxb6 57. Rf5 Re5 58. Rf1 g4 59. Rf4 Rg5
60. Nd4 Nd5 61. Rf1 g3 62. a4 g2 63. Ra1 Ne3 64. Nf3 Rxh5 65. Kb3 Rh1 66. Ra3
Rf1 67. Nd2 Rxf6 0-1